| 000 -CABECERA |
| campo de control de longitud fija |
00895nam a2200265 u 4500 |
| 001 - NÚMERO DE CONTROL |
| campo de control |
000062264 |
| 005 - FECHA Y HORA DE LA ÚLTIMA TRANSACCIÓN |
| campo de control |
20200120224220.0 |
| 008 - DATOS DE LONGITUD FIJA--INFORMACIÓN GENERAL |
| campo de control de longitud fija |
140716s2007 ck gr| 000 0 fre d |
| 041 0# - CÓDIGO DE LENGUA |
| Código de lengua del texto/banda sonora o título independiente |
Nfre |
| 043 ## - CÓDIGO DE ÁREA GEOGRÁFICA |
| Código de área geográfica |
c-k---- |
| 082 04 - NÚMERO DE LA CLASIFICACIÓN DECIMAL DEWEY |
| Número de clasificación |
791.43 |
| Número de documento/Ítem |
S45 |
| Número de edición |
21 |
| 245 10 - MENCIÓN DE TÍTULO |
| Título |
Sin aliento / |
| Mención de responsabilidad, etc. |
dirección Jean-Luc Godard; guión Francois Truffaut; edición Cécile Decugis |
| Medio |
[película] |
| 260 ## - PUBLICACIÓN, DISTRIBUCIÓN, ETC. |
| Lugar de publicación, distribución, etc. |
Bogotá : |
| Nombre del editor, distribuidor, etc. |
M.S.T.V. Video, |
| Fecha de publicación, distribución, etc. |
[2007]. |
| 300 ## - DESCRIPCIÓN FÍSICA |
| Extensión |
1 dvd (87 min) : |
| Otras características físicas |
son., col. ; |
| Material acompañante/anejo |
14 cm. |
| 490 #0 - MENCIÓN DE SERIE |
| Mención de serie |
Plan audiovisual nacional |
| Designación de volumen o secuencia |
114 |
| 500 ## - NOTA GENERAL |
| Nota general |
Subtitulada en español |
| 534 ## - NOTA SOBRE LA VERSIÓN ORIGINAL |
| Mención de título del original |
A bout de souffle |
| 650 17 - PUNTO DE ACCESO ADICIONAL DE MATERIA--TÉRMINO DE MATERIA |
| Término de materia o nombre geográfico como elemento de entrada |
Relaciones de pareja |
| Subdivisión general |
Cine |
| Fuente del encabezamiento o término |
LEMB |
| 650 17 - PUNTO DE ACCESO ADICIONAL DE MATERIA--TÉRMINO DE MATERIA |
| Término de materia o nombre geográfico como elemento de entrada |
Crimen |
| Subdivisión general |
Cine |
| Fuente del encabezamiento o término |
LEMB |
| 650 17 - PUNTO DE ACCESO ADICIONAL DE MATERIA--TÉRMINO DE MATERIA |
| Término de materia o nombre geográfico como elemento de entrada |
Población urbana |
| Subdivisión general |
Cine |
| Fuente del encabezamiento o término |
LEMB |
| 650 17 - PUNTO DE ACCESO ADICIONAL DE MATERIA--TÉRMINO DE MATERIA |
| Término de materia o nombre geográfico como elemento de entrada |
Amor en el cine |
| Fuente del encabezamiento o término |
LEMB |
| 700 1# - PUNTO DE ACCESO ADICIONAL--NOMBRE DE PERSONA |
| Nombre de persona |
Godard, Jean-Luc |
| Término indicativo de función/relación |
director y guionista |
| 700 1# - PUNTO DE ACCESO ADICIONAL--NOMBRE DE PERSONA |
| Nombre de persona |
Truffaut, Francois |
| Término indicativo de función/relación |
guionista |
| 700 1# - PUNTO DE ACCESO ADICIONAL--NOMBRE DE PERSONA |
| Nombre de persona |
Decugis, Cécile |
| Término indicativo de función/relación |
editor |